Math dictionary : (Record no. 5479)
[ view plain ]
| 000 -LEADER | |
|---|---|
| fixed length control field | 01146nam a22002657a 4500 |
| 001 - CONTROL NUMBER | |
| control field | 5479 |
| 003 - CONTROL NUMBER IDENTIFIER | |
| control field | FISKH |
| 005 - DATE AND TIME OF LATEST TRANSACTION | |
| control field | 20241210123649.0 |
| 008 - FIXED-LENGTH DATA ELEMENTS--GENERAL INFORMATION | |
| fixed length control field | 241210b cb ||||| |||| 00| 0 eng d |
| 020 ## - INTERNATIONAL STANDARD BOOK NUMBER | |
| International Standard Book Number | 9780439923125 |
| 040 ## - CATALOGING SOURCE | |
| Original cataloging agency | FISKH |
| Language of cataloging | eng |
| Transcribing agency | FISKH |
| Modifying agency | FISKH |
| 050 ## - LIBRARY OF CONGRESS CALL NUMBER | |
| Classification number | QA5.M575 |
| 082 ## - DEWEY DECIMAL CLASSIFICATION NUMBER | |
| Classification number | 510.3 |
| 100 ## - MAIN ENTRY--PERSONAL NAME | |
| Personal name | Monroe, Eula Ewing |
| 245 ## - TITLE STATEMENT | |
| Title | Math dictionary : |
| Remainder of title | the easy way, simple , fun guide to help math phobics become math lovers ! / |
| Statement of responsibility, etc. | by Eula Ewing Monroe |
| 250 ## - EDITION STATEMENT | |
| Edition statement | First Scholastic printing, October 2006 |
| 260 ## - PUBLICATION, DISTRIBUTION, ETC. | |
| Place of publication, distribution, etc. | New York : |
| Name of publisher, distributor, etc. | Scholastic ; |
| Date of publication, distribution, etc. | 2006. |
| 300 ## - PHYSICAL DESCRIPTION | |
| Extent | 206 pages : |
| Other physical details | color illustrations ; |
| Dimensions | 26 cm . |
| 520 ## - SUMMARY, ETC. | |
| Summary, etc. | Here's real help for math students. From abacus to zero property of multiplication, this handy reference guide for students contains more than five hundred common mathematical terms. Written in simple language and illustrated with hundreds of helpful photographs and drawings, Math Dictionary takes the mystery out of math. |
| 650 ## - SUBJECT ADDED ENTRY--TOPICAL TERM | |
| Topical term or geographic name entry element | reference |
| Form subdivision | Non-fiction |
| 650 ## - SUBJECT ADDED ENTRY--TOPICAL TERM | |
| Topical term or geographic name entry element | teacher resource |
| Form subdivision | Non-fiction |
| 700 ## - ADDED ENTRY--PERSONAL NAME | |
| Personal name | George, Jeff |
| Relator term | Book designer |
| 942 ## - ADDED ENTRY ELEMENTS (KOHA) | |
| Source of classification or shelving scheme | Dewey Decimal Classification |
| Koha item type | Books |
| Suppress in OPAC | No |
| Withdrawn status | Lost status | Source of classification or shelving scheme | Damaged status | Not for loan | Collection | Home library | Current library | Shelving location | Date acquired | Total Checkouts | Full call number | Barcode | Date last seen | Price effective from | Koha item type |
|---|---|---|---|---|---|---|---|---|---|---|---|---|---|---|---|
| Dewey Decimal Classification | Non-Fiction | Footprints International School Library Network Toul Kork Campus | Footprints International School Library Network Toul Kork Campus | TTP Secondary Non-Fiction Bookshelves | 12/10/2024 | MON 510.3 QA5.M575 | FISSE00543 | 12/10/2024 | 12/10/2024 | Books |
